Ley 41/1998, de 9 de diciembre, del Impuesto sobre la Renta de no Residentes (Registro nro. 159380)
[ vista simple ]
| 000 -LEADER | |
|---|---|
| fixed length control field | 01274ny a22002773n 4500 |
| 008 - FIXED-LENGTH DATA ELEMENTS--GENERAL INFORMATION | |
| fixed length control field | 080625s2000 sp s 000 0 spa c |
| 020 ## - INTERNATIONAL STANDARD BOOK NUMBER | |
| International Standard Book Number | 8471309947 |
| 035 ## - | |
| -- | 459 |
| 040 ## - CATALOGING SOURCE | |
| Original cataloging agency | UMA.RE |
| Modifying agency | vLex |
| 080 ## - | |
| -- | 336.226.1(460)"1998"(094)(0.034) |
| 090 ## - | |
| -- | 867 |
| -- | 867 |
| 100 1# - MAIN ENTRY--PERSONAL NAME | |
| Personal name | Checha González, Clemente |
| 245 10 - TITLE STATEMENT | |
| Title | Ley 41/1998, de 9 de diciembre, del Impuesto sobre la Renta de no Residentes |
| Medium | [Recurso electrónico] |
| Statement of responsibility, etc | Clemente Checha González |
| 256 ## - | |
| -- | Servicio en línea |
| 260 ## - PUBLICATION, DISTRIBUTION, ETC. (IMPRINT) | |
| Place of publication, distribution, etc | [Madrid] : |
| Name of publisher, distributor, etc | Edersa, |
| Date of publication, distribution, etc | 2000 |
| 506 1# - RESTRICTIONS ON ACCESS NOTE | |
| Terms governing access | Contenido solo disponible en los productos indicados |
| Authorized users | vLex Global |
| -- | vLex Global (Academic Edition, excluding Law Schools) |
| -- | vLex Global (U.S. Academic Edition, Law Schools) |
| -- | vLex Global (U.S. Academic Edition, excluding Law Schools) |
| -- | vLex Global (Academic Edition, Law Schools) |
| 650 07 - SUBJECT ADDED ENTRY--TOPICAL TERM | |
| Topical term or geographic name as entry element | Tributario |
| Source of heading or term | Tesauro vLex |
| 650 07 - SUBJECT ADDED ENTRY--TOPICAL TERM | |
| Topical term or geographic name as entry element | Impuesto sobre la renta de las personas |
| Source of heading or term | Tesauro vLex |
| 650 07 - SUBJECT ADDED ENTRY--TOPICAL TERM | |
| Topical term or geographic name as entry element | Derecho tributario |
| Source of heading or term | Tesauro vLex |
| 650 07 - SUBJECT ADDED ENTRY--TOPICAL TERM | |
| Topical term or geographic name as entry element | Impuesto sobre las rentas de capital |
| Source of heading or term | Tesauro vLex |
| 710 1# - ADDED ENTRY--CORPORATE NAME | |
| Corporate name or jurisdiction name as entry element | España. |
| Title of a work | Ley del Impuesto sobre la Renta de no Residentes, 1998 |
| 740 0# - | |
| -- | vLex Libros (Servicios en línea) |
| 856 40 - LOCALIZACIÓN Y ACCESO ELECTRÓNICO | |
| Identificador Uniforme del Recurso (URI/URL) | https://app.vlex.com/#/sources/459 |
| 942 ## - | |
| -- | RAA |
| 999 ## - | |
| -- | 159380 |
| -- | 159380 |
No hay ítems disponibles.